Statistics for Pokemon Anagrams #Kanto

Click here to take the quiz!

General Stats

  • This quiz has been taken 165 times
  • The average score is 14 of 15

Answer Stats

HintAnswer% Correct
rciahuraichu
98%
idpgeypidgey
97%
deewleweedle
96%
bazutzubat
94%
umkmuk
94%
snakeekans
92%
rabaabra
92%
leesseel
92%
veeeeeevee
92%
emwmew
92%
duodododuo
91%
xinoonix
89%
nxjyjynx
89%
toditditto
85%
olmeggolem
77%

Score Distribution

Percentile by Number Answered

Percent of People with Each Score

Your Score History

You have not taken this quiz